000 00718nam a2200289Ia 4500
005 20260324144446.0
008 008 260324s9999 xx 000 0 eng d
020 _a9780429042348
037 _aEBOOK
040 _aCRL
040 _beng
040 _cCRL
041 _2eng
041 _aeng
084 _qCRL
100 _aA.H.J. Helmsing
_91219395
245 0 _aFirms, Farms, And The State In Colombia
245 2 _bA Study Of Rural, Urban, And Regional Dimensions Of Change
260 _bTaylor and Francis
260 _c1988
365 _a
365 _b145
856 _uhttp://www.taylorfrancis.com/books/9780429042348
942 _cEBOOK
999 _c1826040
_d1826040